=LDR 00000nam 2200000 4500 =001 INLIS000000000005139 =005 20130612093409 =008 ***********************************Ind** =035 ##$$0010-061300000005139 =041 ##$$a Ind =082 ##$$a 639.3 =090 ##$$a 639.3, Afr b =100 ##$$a AFRIANTO, Eddy =245 ##$$a Beberapa metode budidaya ikan, Eddy Afrianto =260 ##$$a 1995 $b Yogyakarta =300 ##$$a 103 hlm, ilus, 21 cm =650 ##$$a Ikan, Pemelihraan =650 ##$$a Metode =850 ##$$a NBPNMAT =990 ##$$a 0001/BPAP-NTB/2016